The Fast and the furious. [DVD/videorecording] : ... Read More
Available copies
- 2 of 2 copies available at LARL/NWRL Consortium.
Current holds
0 current holds with 2 total copies.
View other formats and editions
Show Only Available Copies
| Location | Call Number / Copy Notes | Barcode | Shelving Location | Status | Due Date |
|---|---|---|---|---|---|
| Greenbush Public Library | DVD FAS (Text) | 35500006344293 | Main | Available | - |
| Karlstad LINK Site | DVD FAS (Text) | 35500006344301 | Main | Available | - |
Record details
- Physical Description: 1 videodisc (107 min.) : sd., col. ; 4 3/4 in.
- Edition: Widescreen.
- Publisher: [United States] : Universal, 2011.
Content descriptions
| General Note: | Title from container. Originally released as a motion picture in 2001. Release date: Aug. 30, 2011. Special features: The making of The fast and the furious; Feature commentary with director Rob ... Read More |
| Creation/Production Credits Note: | Music, BT ; editor, Peter Honess. |
| Participant or Performer Note: | Michelle Rodriguez, Paul Walker, Vin Diesel. |
| Summary, etc.: | An undercover cop gets pulled into a gang that ... Read More |
| Target Audience Note: | MPAA rating: PG-13, violence, sexual content and ... Read More |
| System Details Note: | DVD, NTSC, region 1, anamorphic widescreen 2.35:1. |
| Language Note: | English and French; English subtitles for the deaf ... Read More |
Search for related items by subject
| Genre: | Action and adventure films. Thrillers (Motion pictures) Crime films. Fiction films. Feature films. Video recordings for the hearing impaired. Drama. |
Search for related items by series
| LDR | 04018cgm a2200829Ia 4500 | ||
|---|---|---|---|
| 001 | 169960 | ||
| 003 | LARL_NWRL_CONSORTIUM | ||
| 005 | 20201113165855.0 | ||
| 007 | vd cvaizq | ||
| 008 | 110810p20112001xxu107 vleng d | ||
| 024 | 1 | . | ‡a025192100284 |
| 024 | 1 | . | ‡a025192398353 |
| 028 | 4 | 2. | ‡a61118224 ‡bUniversal |
| 035 | . | ‡a(OCoLC)746224167 | |
| 037 | . | ‡bMidwest Tape ‡nhttp://www.midwesttapes.com | |
| 040 | . | ‡aTEFMT ‡cTEFMT ‡dTEF ‡dIK2 ‡dOCLCF ‡dOCLCA ‡dOCLCO | |
| 041 | 0 | . | ‡aeng ‡afre ‡jeng ‡heng |
| 043 | . | ‡an-us-ca ‡anwdr--- | |
| 082 | 0 | 4. | ‡a791.43/72 ‡223 |
| 245 | 1 | 4. | ‡aThe Fast and the furious. ‡h[DVD/videorecording] : ‡bthe original / ‡cUniversal Pictures ; produced by Neal H. Moritz ; screen story by Gary Scott Thompson ; screenplay by Gary Scott Thompson, Erik Bergquist and David Ayer ; directed Rob Cohen. |
| 246 | 3 | . | ‡aFast & the Furious |
| 250 | . | ‡aWidescreen. | |
| 260 | . | ‡a[United States] : ‡bUniversal, ‡c2011. | |
| 300 | . | ‡a1 videodisc (107 min.) : ‡bsd., col. ; ‡c4 3/4 in. | |
| 490 | 0 | . | ‡aFast & the Furious ‡v1 |
| 538 | . | ‡aDVD, NTSC, region 1, anamorphic widescreen 2.35:1. | |
| 546 | . | ‡aEnglish and French; English subtitles for the deaf and hard of hearing. | |
| 500 | . | ‡aTitle from container. | |
| 511 | 1 | . | ‡aMichelle Rodriguez, Paul Walker, Vin Diesel. |
| 508 | . | ‡aMusic, BT ; editor, Peter Honess. | |
| 500 | . | ‡aOriginally released as a motion picture in 2001. | |
| 500 | . | ‡aRelease date: Aug. 30, 2011. | |
| 521 | 8 | . | ‡aMPAA rating: PG-13, violence, sexual content and language. |
| 520 | . | ‡aAn undercover cop gets pulled into a gang that races cars late at night through city streets when the leader is suspected of stealing electronic equipment. The cop is swept up by the adrenaline rush of the race and falls for the gang leader's sister. | |
| 500 | . | ‡aSpecial features: The making of The fast and the furious; Feature commentary with director Rob Cohen; "Racer X": the article that inspired the movie; Deleted scenes; Multiple camera angle stunt sequence; Movie magic interactive special effects; and much more! | |
| 650 | 0. | ‡aHot rods ‡zCalifornia ‡zLos Angeles ‡vDrama. | |
| 650 | 0. | ‡aHot rods ‡xDesign and construction ‡vDrama. | |
| 650 | 0. | ‡aCriminal behavior ‡zDominican Republic ‡vDrama. | |
| 650 | 0. | ‡aCriminal behavior ‡zCalifornia ‡zLos Angeles ‡vDrama. | |
| 650 | 0. | ‡aUndercover operations ‡zCalifornia ‡zLos Angeles ‡vDrama. | |
| 650 | 0. | ‡aDrug traffic ‡zCalifornia ‡zLos Angeles ‡vDrama. | |
| 650 | 0. | ‡aMan-woman relationships ‡zCalifornia ‡zLos Angeles ‡vDrama. | |
| 650 | 7. | ‡2fast ‡aCriminal behavior ‡0(LARL_NWRL_CONSORTIUM)18012 | |
| 650 | 7. | ‡aDrug traffic. ‡2fast ‡0(LARL_NWRL_CONSORTIUM)36372 | |
| 650 | 7. | ‡aHot rods. ‡2fast ‡0(LARL_NWRL_CONSORTIUM)36070 | |
| 650 | 7. | ‡aHot rods ‡xDesign and construction. ‡2fast ‡0(LARL_NWRL_CONSORTIUM)169675 | |
| 650 | 7. | ‡aMan-woman relationships. ‡2fast ‡0(LARL_NWRL_CONSORTIUM)38460 | |
| 650 | 7. | ‡2fast ‡aUndercover operations ‡0(LARL_NWRL_CONSORTIUM)33202 | |
| 651 | 7. | ‡aCalifornia ‡zLos Angeles. ‡2fast | |
| 651 | 7. | ‡aDominican Republic. ‡2fast ‡0(LARL_NWRL_CONSORTIUM)3076 | |
| 655 | 7. | ‡aAction and adventure films. ‡2lcgft ‡0(LARL_NWRL_CONSORTIUM)175617 | |
| 655 | 7. | ‡aThrillers (Motion pictures) ‡2lcgft ‡0(LARL_NWRL_CONSORTIUM)175789 | |
| 655 | 7. | ‡aCrime films. ‡2lcgft ‡0(LARL_NWRL_CONSORTIUM)175788 | |
| 655 | 7. | ‡aFiction films. ‡2lcgft ‡0(LARL_NWRL_CONSORTIUM)175626 | |
| 655 | 7. | ‡aFeature films. ‡2lcgft ‡0(LARL_NWRL_CONSORTIUM)175625 | |
| 655 | 7. | ‡aVideo recordings for the hearing impaired. ‡2lcgft ‡0(LARL_NWRL_CONSORTIUM)175744 | |
| 655 | 7. | ‡aDrama. ‡2fast | |
| 700 | 1 | . | ‡aMoritz, Neal H. ‡0(LARL_NWRL_CONSORTIUM)144807 |
| 700 | 1 | . | ‡aThompson, Gary Scott. ‡0(LARL_NWRL_CONSORTIUM)211332 |
| 700 | 1 | . | ‡aBergquist, Erik. ‡0(LARL_NWRL_CONSORTIUM)211333 |
| 700 | 1 | . | ‡aAyer, David. ‡0(LARL_NWRL_CONSORTIUM)148196 |
| 700 | 1 | . | ‡aCohen, Rob, ‡d1949- ‡0(LARL_NWRL_CONSORTIUM)141986 |
| 700 | 1 | . | ‡aRodriguez, Michelle. ‡0(LARL_NWRL_CONSORTIUM)147129 |
| 700 | 1 | . | ‡aWalker, Paul. |
| 700 | 1 | . | ‡aDiesel, Vin. ‡0(LARL_NWRL_CONSORTIUM)137222 |
| 710 | 2 | . | ‡aUniversal Pictures (Firm) ‡0(LARL_NWRL_CONSORTIUM)76903 |
| 901 | . | ‡a169960 ‡bOCLC ‡c169960 ‡tbiblio | |

Add to basket
Permalink
Disable Highlighting